| 000 | 00511nam a2200181Ia 4500 | ||
|---|---|---|---|
| 005 | 20250326124654.0 | ||
| 008 | 250326s9999 xx 000 0 und d | ||
| 037 | _aTextbook | ||
| 040 |
_aFMSL _beng _cFMSL |
||
| 041 |
_aeng _2eng |
||
| 084 |
_aX:87 K11 _qFMSL |
||
| 100 |
_aTannenbaum R _9737761 |
||
| 245 | 0 |
_aLeadership and organization _cTannenbaum R; Weschler I R And Others |
|
| 260 |
_aNY _bNY, McGraw-Hill _c1961 |
||
| 300 | _a456p | ||
| 942 |
_cTB _hX:87 K11 |
||
| 999 |
_c1274684 _d1274684 |
||